<?xml version="1.0" encoding="UTF-8"?><?xml-stylesheet type="text/xsl" href="static/style.xsl"?><OAI-PMH xmlns="http://www.openarchives.org/OAI/2.0/" xmlns:xsi="http://www.w3.org/2001/XMLSchema-instance" xsi:schemaLocation="http://www.openarchives.org/OAI/2.0/ http://www.openarchives.org/OAI/2.0/OAI-PMH.xsd"><responseDate>2026-04-26T20:22:20Z</responseDate><request verb="GetRecord" identifier="oai:uvadoc.uva.es:10324/2889" metadataPrefix="marc">https://uvadoc.uva.es/oai/request</request><GetRecord><record><header><identifier>oai:uvadoc.uva.es:10324/2889</identifier><datestamp>2021-06-24T07:39:31Z</datestamp><setSpec>com_10324_1908</setSpec><setSpec>com_10324_952</setSpec><setSpec>com_10324_894</setSpec><setSpec>col_10324_1909</setSpec></header><metadata><record xmlns="http://www.loc.gov/MARC21/slim" xmlns:doc="http://www.lyncode.com/xoai" xmlns:xsi="http://www.w3.org/2001/XMLSchema-instance" xmlns:dcterms="http://purl.org/dc/terms/" xsi:schemaLocation="http://www.loc.gov/MARC21/slim http://www.loc.gov/standards/marcxml/schema/MARC21slim.xsd">
<leader>00925njm 22002777a 4500</leader>
<datafield tag="042" ind1=" " ind2=" ">
<subfield code="a">dc</subfield>
</datafield>
<datafield tag="720" ind1=" " ind2=" ">
<subfield code="a">García de Coca, José Antonio</subfield>
<subfield code="e">author</subfield>
</datafield>
<datafield tag="260" ind1=" " ind2=" ">
<subfield code="c">2000</subfield>
</datafield>
<datafield tag="024" ind2=" " ind1="8">
<subfield code="a">Revista de Estudios Europeos, enero/abril 2000, n. 24. p. 37-56</subfield>
</datafield>
<datafield tag="024" ind2=" " ind1="8">
<subfield code="a">1132/7170</subfield>
</datafield>
<datafield tag="024" ind2=" " ind1="8">
<subfield code="a">http://uvadoc.uva.es/handle/10324/2889</subfield>
</datafield>
<datafield tag="024" ind2=" " ind1="8">
<subfield code="a">37</subfield>
</datafield>
<datafield tag="024" ind2=" " ind1="8">
<subfield code="a">24</subfield>
</datafield>
<datafield tag="024" ind2=" " ind1="8">
<subfield code="a">56</subfield>
</datafield>
<datafield ind1=" " ind2=" " tag="653">
<subfield code="a">Contratos (Derecho Comunitario)</subfield>
</datafield>
<datafield tag="245" ind1="0" ind2="0">
<subfield code="a">Regulación comunitaria sustantiva sobre los contratos celebrados en los sectores especiales y su repercusión sobre los contratos de naturaleza jurídico-privada</subfield>
</datafield>
</record></metadata></record></GetRecord></OAI-PMH>